000 00187 a2200097 4500
020 _a9780439437493
041 _aspa
100 _aAudrey Penn
245 _aUn beso en mi mano
942 _cBK
999 _c29179
_d29177